000 00443nam a2200169Ia 4500
003 GCL
008 140319s9999 xx 000 0 eng d
040 _aGCL /
_cGCL
082 0 4 _a677.028
_bL S
100 1 _aLEADBEATER, ELIZA
245 1 0 _aSPINNING AND SPINNING WHEELS /
_cLEADBEATER, ELIZA
260 _a[S.N] :
_bSHIRE PUBLICATIONS LTD ،
_c1992
300 _a32 P
650 0 4 _aSPINNING
650 0 4 _aSPINNING WHEELS
942 _2ddc
_cBK
999 _c23691
_d23691